Εισαγωγή στην Ιδιωτική Ασφάλιση / Γ' Έκδοση (Record no. 3697)
[ view plain ]
| 000 -LEADER | |
|---|---|
| fixed length control field | 02122cam a22001934a 4500 |
| 005 - ΗΜΕΡΟΜΗΝΙΑ ΚΑΙ ΩΡΑ ΤΕΛΕΥΤΑΙΑΣ ΕΝΗΜΕΡΩΣΗΣ | |
| Πεδίο ελέγχου | 20250605164122.0 |
| 008 - FIXED-LENGTH DATA ELEMENTS--GENERAL INFORMATION | |
| Πεδίο ελέγχου σταθερού μήκους | 250528s ||||||||||||||||||||||||d |
| 035 ## - SYSTEM CONTROL NUMBER | |
| System control number | 18334 |
| 020 ## - ISBN | |
| ISBN | 9607247345 |
| 040 ## - ΠΗΓΗ ΚΑΤΑΛΟΓΟΓΡΑΦΗΣΗΣ | |
| Φορέας πρωτότυπης καταλογογράφησης | MC Athens Campus Library |
| Γλώσσα καταλογογράφησης | Ελληνικά, Μοντέρνα (1453-) |
| Modifying agency | MC Athens Campus Library |
| Κανόνες περιγραφικής καταλογογράφησης | AACR2 |
| 245 1# - ΤΙΤΛΟΣ ΚΑΙ ΔΗΛΩΣΗ ΥΠΕΥΘΥΝΟΤΗΤΑΣ | |
| Τίτλος | Εισαγωγή στην Ιδιωτική Ασφάλιση / Γ' Έκδοση |
| 260 ## - PUBLICATION, DISTRIBUTION, ETC. | |
| Name of publisher, distributor, etc. | Financial Forum, |
| Date of publication, distribution, etc. | 1998 |
| 300 ## - PHYSICAL DESCRIPTION | |
| Extent | 480 |
| 520 ## - SUMMARY, ETC. | |
| Summary, etc. | Βασικές Έννοιες του Κινδύνου και της Ασφάλισης, Η Έννοια του Κινδύνου, Ο Μηχανισμός της Ασφάλισης, Διαχείριση Κινδύνων, Ο Νόμος και το Ασφαλιστήριο Συμβόλαιο, Βασικές Νομικές Αρχές, Ανάλυση των Ασφαλιστήριων Συμβολαίων, Ασφάλιση Ζωής και Υγείας, Οι Βάσεις της Ασφάλισης Ζωής, Τύποι Ασφάλισης Ζωής και Ραντών, Συμβατικοί Όροι του Ασφαλιστήριου Ζωής, Η Αγορά ενός Ασφαλιστήριου Ζωής, Βασικές Αρχές Προγραμματισμού της Ασφάλισης Ζωής, Ατομική Ασφάλιση Υγείας, Ομαδικές Ασφαλίσεις Ζωής και Υγείας, Ομαδικά Συνταξιοδοτικά Προγράμματα, Ασφάλιση Περιουσίας και Ευθύνης, Ασφάλιση Πυρός, Ασφάλιση Αυτοκινήτων, Αυτοκίνητο και Διαχείριση Κινδύνων, Οργάνωση και Λειτουργία Ασφαλιστικών Επιχειρήσεων, Οι Διάφορες Λειτουργίες της Ασφαλιστικής Επιχείρησης, Κατηγορίες Ασφαλιστών και Διαμεσολαβούντων, Κρατική Εποπτεία στις Ασφαλίσεις, Η Ελληνική Ασφαλιστική Αγορά, Παραρτήματα. |
| 700 1# - ΠΡΟΣΘΕΤΗ ΑΝΑΓΡΑΦΗ--ΦΥΣΙΚΟ ΠΡΟΣΩΠΟ | |
| Personal name | Νεκτάριος Μιλτιάδης |
| 9 (RLIN) | 4609 |
| 942 ## - ADDED ENTRY ELEMENTS (KOHA) | |
| Koha item type | Books |
| Τύπος τεκμηρίου | Βιβλιοθήκη | Τρέχουσα τοποθεσία | Barcode | Αριθμός εισαγωγής | Ημερομηνία απόκτησης | Ταξιθετικό σύμβολο | Αριθμός αντιτύπου | Κατάσταση απόσυρσης | Κατάσταση χαμένου | Κατάσταση κατεστραμμένου | Μη δανεισμός | Σύνολο δανεισμών | Ημερομηνία τελευταίας εμφάνισης | Η τιμή ισχύει από |
|---|---|---|---|---|---|---|---|---|---|---|---|---|---|---|
| Books | MC Athens Campus Library | MC Athens Campus Library | 9780000036964 | 2952 | 05/06/2025 | 368.9495 NEK | 1 | 05/06/2025 | 05/06/2025 |